ARRUPE JESUIT UNIVERSITY

CORONAVIRUS -STOP THE SPREAD - CLEAN,DISINFECT,COVER

A gallery of reflections : (Record no. 121529)

MARC details
000 -LEADER
fixed length control field 00992cam a2200265 a 4500
001 - CONTROL NUMBER
control field 1162792
003 - CONTROL NUMBER IDENTIFIER
control field ARRUPE
005 - DATE AND TIME OF LATEST TRANSACTION
control field 20141216165021.0
008 - FIXED-LENGTH DATA ELEMENTS--GENERAL INFORMATION
fixed length control field 960529r19961995miua 000 0 eng
010 ## - LIBRARY OF CONGRESS CONTROL NUMBER
LC control number 96025505
020 ## - INTERNATIONAL STANDARD BOOK NUMBER
International Standard Book Number 0802838146
040 ## - CATALOGING SOURCE
Original cataloging agency DLC
Transcribing agency DLC
Modifying agency DLC
050 00 - LIBRARY OF CONGRESS CALL NUMBER
Classification number ND1430
Item number .H37 1996
082 00 - DEWEY DECIMAL CLASSIFICATION NUMBER
Classification number 755/.56
Edition number 20
300 ## - PHYSICAL DESCRIPTION
Other physical details col. ill. ;
Dimensions 25 cm.
100 1# - MAIN ENTRY--PERSONAL NAME
Personal name Harries, Richard,
Dates associated with a name 1936-
9 (RLIN) 13479
245 12 - TITLE STATEMENT
Title A gallery of reflections :
Remainder of title the nativity of Christ /
Statement of responsibility, etc Richard Harries.
260 ## - PUBLICATION, DISTRIBUTION, ETC. (IMPRINT)
Place of publication, distribution, etc Grand Rapids, Mich. :
Name of publisher, distributor, etc William B. Eerdmans Publishing Co.,
Date of publication, distribution, etc 1996.
300 ## - PHYSICAL DESCRIPTION
Extent 92 p. :
500 ## - GENERAL NOTE
General note Originally published: Oxford : Lion Pub., 1995.
600 00 - SUBJECT ADDED ENTRY--PERSONAL NAME
Personal name Jesus Christ
General subdivision Nativity
-- Art.
9 (RLIN) 13480
650 #0 - SUBJECT ADDED ENTRY--TOPICAL TERM
Topical term or geographic name as entry element Painting.
9 (RLIN) 13481
906 ## - LOCAL DATA ELEMENT F, LDF (RLIN)
a 7
b cbc
c orignew
d 1
e ocip
f 19
g y-gencatlg
942 ## - ADDED ENTRY ELEMENTS (KOHA)
Source of classification or shelving scheme Library of Congress Classification
Koha item type Monograph ( Printed materials)
Holdings
Withdrawn status Lost status Source of classification or shelving scheme Damaged status Not for loan Collection code Home library Current library Shelving location Date acquired Total Checkouts Full call number Barcode Date last seen Price effective from Koha item type
    Library of Congress Classification     Main Collection ARRUPE LIBRARY ARRUPE LIBRARY Main Collection 16/12/2014   ND1430 .H37 1996 46500003416 03/07/2018 16/12/2014 Monograph ( Printed materials)

 

Arrupe Library. PO Box MP320 Mt Pleasant, Harare, Zimbabwe
263 242 745411|librarian@aju.ac.zw